Statistiques concernant Les merveilles du Canada

Cliquez ici pour prendre le quiz!

Statistiques générales

  • Ce quiz a été pris 27 fois
  • Le résultat moyen est 3 sur 5

Statistiques - réponses

HintRéponse% Correct
fast-food québécoispoutine
82%
Fameux château au Canadafrontenac
73%
nom du premier ministretrudeau
73%
fameux lac touristique dans l'Ouest du paysLouise
50%
Plus grande forêt ?boréale
41%

Distribution des résultats

Percentile par nombre de réponses

% des personnes avec chaque résultat

Votre développement - résultats

Vous n’avez pas pris ce quiz